Badanija nad jezykiem telewizji polskiej

Bibliographic Details
Main Author: Bajzíková, Eugénia, 1937- (Author)
Format: Article
Language:Slovak
Subjects:

MARC

LEADER 00000nab a2200000 a 4500
001 vtls000337372
003 SK-MaSNL
005 20260304225034.0
008 230120c1988 xo 0 slo
015 |a SNBRB19rr/mm-uuuuu 
035 |a CL0337494 
035 |a (urnnbn)urn:nbn:sk:snk:ar-006avo 
035 |a (uuid)8b70b023-d2c0-4a03-8d5d-effe3b31a619 
035 |a urn:nbn:sk:snk-ab8552 
040 |a SNKBUCL  |b slo  |c SNKBUCL  |e AACR2 
041 0 |a slo 
044 |a xo  |c SK 
080 |a 800.8  |2 1981 
080 |a 808.4  |2 1981 
080 |a 800.6  |2 1981 
100 1 |a Bajzíková, Eugénia,  |d 1937-  |4 aut  |9 97586 
245 1 0 |a Badanija nad jezykiem telewizji polskiej  |c Eugénia Bajzíková 
650 0 7 |a jazyková kultúra  |2 snkbucl  |9 1395 
650 0 7 |a masová komunikácia  |2 snkbucl  |9 1423 
650 0 7 |a sociolingvistika  |2 snkbucl  |9 869 
650 0 7 |a prostriedky masovokomunikačné  |2 snkbucl  |9 930774 
655 7 |a články z novín a časopisov  |2 snkbucl  |9 267496 
773 0 |t Jazykovedný časopis  |g Roč. 39, č. 1 (1988), s. 107-109 
787 0 8 |i Rec.:  |t Badania nad jezykiem telewizji polskiej. Studia metodologiczne i opisowe pod redakcija naukowa Z. Kurzowej  |d Warszawa : Wydawnictwo radija i telewizji, 1985 
850 |a Slovenská národná knižnica v Martine  |a MTA001 
852 |a SNK  |b KIS3GCP 
954 |a odborná, vedecká literatúra pôvodná (slovenská)  |2 lita 
958 |a OND 
958 |a RK 
958 |a PL 
958 |a EUIPO 
958 |a article9 
992 |a RBX 
999 |c 3175353  |d 3177283